000 00644cam a2200241 4500
001 ABS62047
008 000000n2000 000 0 eng u
035 _a(Sirsi) u104842
245 _aRegional survey: City, Midtown and Docklands
260 _c2000
490 _aProperty Week
_v65(10) 10 March 2000, 59-78(10)
590 _aABS
650 _aLONDON
650 _aDOCKLANDS
650 _aCITY
650 _aCOVENT GARDEN
650 _aOFFICES
650 _aRATING
650 _aRESIDENTIAL PROPERTY
_96266
650 _aCORPORATION OF LONDON
690 _aPROPERTY-COMMERCIAL PROPERTY-COMMERCIAL PROPERTY MARKET
942 _n0
999 _c62895
_d62895